Catálogo
 En Linea

Guatemala, memoria del silencio : (Registro nro. 37116)

Detalles MARC
000 -CABECERA
campo de control de longitud fija 00544nam a2200157 a 4500
001 - NÚMERO DE CONTROL
campo de control 000037626
005 - FECHA Y HORA DE LA ÚLTIMA TRANSACCIÓN
campo de control 20200930080457.0
008 - DATOS DE LONGITUD FIJA--INFORMACIÓN GENERAL
campo de control de longitud fija 121010s1995 gt 000 0 spa d
040 ## - FUENTE DE LA CATALOGACIÓN
Centro catalogador/agencia de origen DO-SdBNP
Lengua de catalogación spa
Centro/agencia transcriptor BNPHU
082 ## - NÚMERO DE LA CLASIFICACIÓN DECIMAL DEWEY
Número de clasificación xxxx
Número de documento/Ítem xxxx
245 00 - MENCIÓN DE TÍTULO
Título Guatemala, memoria del silencio :
Resto del título informe de la Comisión para el Esclarecimiento Histórico.
246 10 - FORMA VARIANTE DE TÍTULO
Título propio/Titulo breve Memoria del silencio
260 ## - PUBLICACIÓN, DISTRIBUCIÓN, ETC.
Lugar de publicación, distribución, etc. [Guatemala] :
Nombre del editor, distribuidor, etc. CEH,
Fecha de publicación, distribución, etc. [199?].
300 ## - DESCRIPCIÓN FÍSICA
Extensión 112 p. :
Otras características físicas il. gráf. ;
Dimensiones 22 cm.
710 2# - PUNTO DE ACCESO ADICIONAL--NOMBRE DE ENTIDAD CORPORATIVA
Nombre de entidad corporativa o nombre de jurisdicción como elemento de entrada Comisión para el Esclarecimiento Histórico (Guatemala).
9 (RLIN) 64090
Existencias
Estado de retiro Estado de pérdida Restricciones de uso No para préstamo Código de colección Localización permanente Ubicación/localización actual Ubicación en estantería Fecha de adquisición Número de inventario Total de préstamos Signatura topográfica completa Código de barras Fecha visto por última vez Precio válido a partir de Tipo de ítem Koha
      Excluido de préstamo Monografías: Libros y Folletos General General Depósito 10.10.2012 LF1   xxxx xxxx 37626-10 25.06.2020 25.06.2020 No se presta

Con tecnología Koha